| 000 | 00575nam a2200121Ia 4500 | ||
|---|---|---|---|
| 008 | 220616s9999||||xx |||||||||||||| ||und|| | ||
| 100 | _aWay, Wendy | ||
| 245 | 2 | _aA New Idea Each Morning: How food and agriculture came together in one international organisation | |
| 546 | _aEnglish[eng] | ||
| 650 | _aaustralian history||food||Food and Agriculture Organization||London||Nutrition||Tariff||United States||Wheat | ||
| 856 | _uhttps://library.oapen.org/bitstream/20.500.12657/33541/1/459941.pdf||https://library.oapen.org/bitstream/20.500.12657/33541/1/459941.pdf | ||
| 942 | _cEB | ||
| 999 |
_c19284 _d19284 |
||